Українські діти — наше майбутнє: діти та молодь в українській літературі (Запис № 574904)

МАРК-запис
000 -Лідер
fixed length control field 01100nam a22002297a 4500
001 - Контрольний номер
control field 2162214035923969
003 - Ідентифікатор контрольного номера
control field UA-OsUOA
005 - Дата та час останнього входження (трансакції)
control field 20260504154430.0
008 - Елементи даних фіксованої довжини – загальна інформація
fixed length control field 230817b un ||||| |||| 00| 0 ukr d
040 ## - Джерело каталогізації
Агенція оригінальної каталогізації UA-OsUOA
Мова каталогізації ukr
Агенція, яка здійснювала перезапис UA-OsUOA
Агенція, яка здійснювала модифікацію UA-OsUOA
041 ## - Код мови
Код мови тексту/ звукової доріжки чи окремого заголовка (П) ukr
080 ## - Індекс Універсальної десяткової класифікації
Індекс Універсальної десяткової класифікації (УДК) (НП) 37.01
090 ## - Локальний шифр розміщення
Класифікаційний індекс УДК 37.01
245 ## - Відомості про назву
Назва (НП) Українські діти — наше майбутнє: діти та молодь в українській літературі
Решта назви (НП) збірник виховних матеріялів і антологія
260 ## - Публікація, розповсюдження і т.п. (Вихідні дані)
Місце публікації, розповсюдження і т.п. (П) Торонто
Ім’я/ наймення видавництва, розповсюджувача і т.п. (П) Добра Книжка
Дата публікації, розповсюдження і т.п. (П) 1979
300 ## - Фізичний опис
Обсяг 299 с.
650 ## - Додаткове предметне введення – тематичний термін
Джерело заголовка чи терміна UDC
Тематичний термін чи географічна назва, як елемент введення (НП) 37.01 Основи виховання. Теорія. Політика тощо
9 (RLIN) 25170
700 1# - Додаткове введення – ім'я особи
Ім’я особи (НП) Чумак Я.
Термін відношення ред.
9 (RLIN) 25171
856 40 - Електронне місцезнаходження та доступ
Уніфікований ідентифікатор ресурсу (П) https://diasporiana.org.ua/miscellaneous/8666-ukrayinski-diti-nashe-maybutnye-zbirnik-vihovnih-materialiv-i-antologiya-diti-ta-molod-v-ukrayinskiy-literaturi/
942 ## - Додаткові елементи входу (Коха)
Source of classification or shelving scheme Universal Decimal Classification
Тип елемента Koha Книги
Фонди
Стан вилучень Стан втрат Джерело класифікації або схеми стелажів Стан уражень Не для кредиту Код колекції Постійне місце розташування Поточне розміщення Дата придбання Джерело придбання Інвентарний номер Усього замовленно Повний номер виклику Штрих-код Дата останнього перегляду Ціна ефективна від Тип елемента Koha Вартість, звичайна ціна покупки Вартість, ціна заміни Примітка, призначена для загального доступу
    Universal Decimal Classification     Колекція др. Константина Бризгуна (Оксани і Ярослава Соколиків) Наукова бібліотека ІДУД Наукова бібліотека ІДУД 17/08/2023 Акт надходжень №4/02.08.2023 (від Соколиків) 2140592   37.01 2140592 17/08/2023 17/08/2023 Книги      
    Universal Decimal Classification     Колекція др. Константина Бризгуна (Оксани і Ярослава Соколиків) Наукова бібліотека ІДУД Наукова бібліотека ІДУД 30/04/2026 №12/29.04.2026 (ІДУД) 300851   37.01 300851 30/04/2026 30/04/2026 Книги 1.00 1.00 Отримано в дар від Оксани Бризгун-Соколик ; містить екслібрис "Соколиків"